00500nam a2200193 a 450000100060000000300090000600800410001502000150005604000280007108200090009910000220010824500250013026000410015530000100019649000280020665000430023494200120027799900170028919340CO-ViMGA141112s2004 ck r 000 u spa d a8475100848 aCO-ViMGAbspacCO-ViMGA04aGOSv1 aGoscinny, 92776910aLa Vuelta a la Galia aBarcelona : bGrijalbo Dargaud; 1996 a48 p. aUna aventura de Asterix14aCUENTOS INFANTILES DE AVENTURAS927770 2ddccBK c28497d28497